| 000 | 00553nam a2200205Ia 4500 | ||
|---|---|---|---|
| 003 | OSt | ||
| 005 | 20240401121108.0 | ||
| 008 | 210210b1951 xxu||||| |||| 00| 0 eng d | ||
| 040 | _cAL | ||
| 041 | _aKannada | ||
| 082 | _a851/381 | ||
| 100 |
_aRAJARATNAM (G P) _9137058 _d ರಾಜರತ್ನಂ ಜಿ ಪಿ |
||
| 245 |
_aMuddu krashna _bಮುದ್ದು ಕೃಷ್ಣ |
||
| 260 |
_aBengaluru _b- _c1951 |
||
| 650 |
_aMuddu _9137059 |
||
| 650 |
_akrashna _9137060 |
||
| 690 |
_aKannada Poetry _9137061 |
||
| 906 | _a018398 | ||
| 942 |
_2ddc _cBK |
||
| 999 |
_c141829 _d141829 |
||